| 000 | 00628nam a2200181 4500 | ||
|---|---|---|---|
| 008 | 171201b xxu||||| |||| 00| 0 eng d | ||
| 020 | _a0-9640558-5-6 | ||
| 082 |
_21996 _aDC 649.1 _bMc18e |
||
| 100 |
_923885 _aMcIntire, Roger W. |
||
| 245 |
_aEnjoy successful parenting: _bpractical strategies for parents of children 2-12/ _cRoger W. McIntire. |
||
| 260 |
_aColumbia, MD: _bSummit Crossroads Press, _c©1996. |
||
| 300 |
_axv, 267 pages; _c23 cm. |
||
| 500 | _aIncludes index. | ||
| 650 | 0 |
_923886 _aParenting _xPsychological aspects. |
|
| 650 | 0 |
_923887 _aChild _xrearing |
|
| 650 | 0 |
_923888 _aParent and child |
|
| 942 |
_2ddc _cDC |
||
| 999 |
_c7855 _d7855 |
||